Catalog

Record Details

Catalog Search



Kapitoly z dějin psychopedie : [určeno pro posl. fak. pedagog.]  Cover Image Book Book

Kapitoly z dějin psychopedie : [určeno pro posl. fak. pedagog.] / Alena Eisová

Eisová, Alena (Author). Univerzita Karlova (Added Author).

Record details

  • Physical Description: 61 s. ; 29 cm
  • Edition: 1. vyd.
  • Publisher: Praha : Státní pedagogické nakladatelství, 1983

Content descriptions

General Note:
300 výt.
Pozn.
Přehl. lit.
Rozmn.
Bibliography, etc. Note:
Odkazy na lit.
Issuing Body Note:
Vydavatel: Univ. Karlova
Genre: učebnice vysokých škol

LDR 01028nam a2200337 4500
0015221
003CZ-PrJAB
00520160417122803.0
007ta
008840322s1983 xr u000 cze
015 . ‡acnb000007973
020 . ‡q(Brož.) : ‡cKčs 3,50
035 . ‡a(CZ PrNK)ck8400584
035 . ‡a(OCoLC)39581818
040 . ‡aABA001 ‡bcze ‡dABA001
080 . ‡a376.4 ‡2undef
1001 . ‡aEisová, Alena ‡7mzk2010587963 ‡4aut ‡0(CZ-PrJAB)45786
24510. ‡aKapitoly z dějin psychopedie : ‡b[určeno pro posl. fak. pedagog.] / ‡cAlena Eisová
250 . ‡a1. vyd.
260 . ‡aPraha : ‡bStátní pedagogické nakladatelství, ‡c1983 ‡f(TZ 53)
300 . ‡a61 s. ; ‡c29 cm
500 . ‡a300 výt.
500 . ‡aPozn.
500 . ‡aPřehl. lit.
500 . ‡aRozmn.
504 . ‡aOdkazy na lit.
550 . ‡aVydavatel: Univ. Karlova
653 . ‡apsychopedie ‡aslabomyslní ‡amentálně postižení ‡ahistorie
655 7. ‡aučebnice vysokých škol ‡7fd133772 ‡2czenas
7102 . ‡aUniverzita Karlova ‡7kn20010710036
910 . ‡aABG312
964 . ‡aPsychopedie - Československo - stol. 19. léta 60. - 1918 - učebnice vysokošk.
901 . ‡a5221 ‡bUnknown ‡c5221 ‡tbiblio

Additional Resources